000 00496nam a2200169Ia 4500
005 20250508162108.0
008 008 250505s9999 xx 000 0 eng d
037 _aBooks to be hide in OPAC
040 _aFEDL
_beng
_cFEDL
041 _aeng
_2eng
084 _a378.954, ASS
_qFEDL
245 0 _aUniversities handbook India
260 _aNew Delhi, India
_bAssociation of Indian Universities
_c1979
300 _a1142p.
942 _cHB
_h378.954, ASS
999 _c1374348
_d1374348